[Event "World ol U16"]
[Site "Poprad"]
[Date "2016.07.28"]
[Round "8.2"]
[White "Sromovska, Livia"]
[Black "Deng, Yu Dong Michael"]
[Result "0-1"]
[WhiteElo "1631"]
[BlackElo "1682"]
[PlyCount "54"]
[EventDate "2016.07.22"]
[EventType "team-swiss"]
[EventRounds "9"]
[EventCountry "SVK"]
[SourceTitle "EXT 2017"]
[Source "ChessBase"]
[SourceDate "2016.10.25"]
[SourceVersion "1"]
[SourceVersionDate "2016.10.25"]
[SourceQuality "1"]
[WhiteTeam "Slovakia LSS II"]
[BlackTeam "Hong Kong"]
[WhiteTeamCountry "SVK"]
[BlackTeamCountry "HKG"]

1. c4 e5 2. Nc3 Nf6 3. g3 d5 4. cxd5 Nxd5 5. Qb3 Nb6 6. Bg2 Nc6 7. Qb5 Bd6 8. Bxc6+ bxc6 9. Qxc6+ Bd7 10. Qf3 0-0 11. d3 f5 12. a4 a5 13. e3 Qe8 14. Qd1 Bc6 15. e4 fxe4 16. dxe4 Bb4 17. Qb3+ Kh8 18. f3 Bxa4 19. Qa2 Bb5 20. Bd2 Rd8 21. b3 Rd3 22. Rc1 Qd7 23. h4 Rd8 24. Rh2 Bxc3 25. Bxc3 Rd1+ 26. Rxd1 Qxd1+ 27. Kf2 Qf1+ 0-1

[Event "World ol U16"]
[Site "Poprad"]
[Date "2016.07.22"]
[Round "1.2"]
[White "Dobrovoljc, Vid"]
[Black "Sromovska, Livia"]
[Result "1-0"]
[WhiteElo "2246"]
[BlackElo "1631"]
[PlyCount "49"]
[EventDate "2016.07.22"]
[EventType "team-swiss"]
[EventRounds "9"]
[EventCountry "SVK"]
[SourceTitle "EXT 2017"]
[Source "ChessBase"]
[SourceDate "2016.10.25"]
[SourceVersion "1"]
[SourceVersionDate "2016.10.25"]
[SourceQuality "1"]
[WhiteTeam "Slovenia"]
[BlackTeam "Slovakia LSS II"]
[WhiteTeamCountry "SLO"]
[BlackTeamCountry "SVK"]

1. e4 e5 2. Nf3 Nc6 3. Bb5 d6 4. d4 exd4 5. Nxd4 Bd7 6. Bxc6 Bxc6 7. Nxc6 bxc6 8. Nc3 Nf6 9. Qf3 Nd7 10. Qg3 Qf6 11. b3 Nc5 12. Bb2 Qe5 13. f4 Qe6 14. 0-0-0 a5 15. f5 Qe7 16. Rhe1 Nd7 17. Nd5 Qd8 18. e5 cxd5 19. exd6+ Be7 20. Rxe7+ Qxe7 21. dxe7 Rg8 22. Qxc7 f6 23. Qc6 Ra7 24. Qxd5 Rh8 25. Ba3 1-0

[Event "Liptovsky Mikulas CupT U20"]
[Site "Liptovsky Mikulas"]
[Date "2014.06.21"]
[Round "4.3"]
[White "Pistovcakova, Aneta"]
[Black "Sromovska, Livia"]
[Result "1-0"]
[WhiteElo "1656"]
[BlackElo "1638"]
[PlyCount "45"]
[EventDate "2014.06.19"]
[EventType "team-swiss"]
[EventRounds "7"]
[EventCountry "SVK"]
[SourceTitle "EXT 2015"]
[Source "ChessBase"]
[SourceDate "2014.11.20"]
[SourceVersion "1"]
[SourceVersionDate "2014.11.20"]
[SourceQuality "1"]
[WhiteTeam "Opavsko (U18)"]
[BlackTeam "Liptov Chess School (U18) II"]
[WhiteTeamCountry "CZE"]
[BlackTeamCountry "SVK"]

1. e4 e5 2. Nf3 Nc6 3. Bc4 Bc5 4. c3 Nf6 5. d3 h6 6. Nbd2 d6 7. Bb3 Bd7 8. h3 a6 9. Nf1 Ne7 10. Ng3 c6 11. 0-0 Qc7 12. Qe1 0-0 13. Nh4 Rad8 14. Ngf5 Bxf5 15. exf5 Qd7 16. g4 Qc7 17. Kh1 d5 18. Rg1 e4 19. g5 hxg5 20. Bxg5 Nh7 21. Bh6 f6 22. Rxg7+ Kh8 23. Ng6+ 1-0

[Event "Liptovsky Mikulas CupT U20"]
[Site "Liptovsky Mikulas"]
[Date "2014.06.21"]
[Round "5.3"]
[White "Sromovska, Livia"]
[Black "Sahidi, Samir"]
[Result "0-1"]
[WhiteElo "1638"]
[BlackElo "1991"]
[PlyCount "82"]
[EventDate "2014.06.19"]
[EventType "team-swiss"]
[EventRounds "7"]
[EventCountry "SVK"]
[SourceTitle "EXT 2015"]
[Source "ChessBase"]
[SourceDate "2014.11.20"]
[SourceVersion "1"]
[SourceVersionDate "2014.11.20"]
[SourceQuality "1"]
[WhiteTeam "Liptov Chess School (U18) II"]
[BlackTeam "Interchess (U18)"]
[WhiteTeamCountry "SVK"]
[BlackTeamCountry "SVK"]

1. c4 c5 2. Nc3 Nf6 3. g3 d5 4. cxd5 Nxd5 5. Bg2 Nc7 6. Nf3 Nc6 7. 0-0 e5 8. e3 Be7 9. h3 0-0 10. Kh2 Be6 11. b3 Qd3 12. Re1 Rad8 13. Bf1 Qg6 14. Bb2 e4 15. Ng1 Rd7 16. Bg2 f5 17. f3 exf3 18. Bxf3 Rfd8 19. Nb1 Bf6 20. Bxc6 Bxb2 21. Bxd7 Rxd7 22. Na3 Bxa1 23. Qxa1 Rxd2+ 24. Re2 Rxe2+ 25. Nxe2 Qe8 26. Qe5 Qc6 27. Nf4 g6 28. Nxe6 Nxe6 29. Qb8+ Kf7 30. Qxa7 Ng5 31. Nc4 Nf3+ 32. Kg2 Nh4+ 33. Kf2 Qg2+ 34. Ke1 Qxg3+ 35. Kd2 Nf3+ 36. Ke2 Qg2+ 37. Kd1 Qf1+ 38. Kc2 Qe2+ 39. Kb1 Qd3+ 40. Kc1 Qd5 41. Nd6+ Ke6 0-1

[Event "SVK-ch U14 Girls"]
[Site "Stara Lubovna"]
[Date "2014.04.10"]
[Round "5"]
[White "Vargaova, Veronika"]
[Black "Sromovska, Livia"]
[Result "0-1"]
[WhiteElo "1000"]
[BlackElo "1658"]
[PlyCount "40"]
[EventDate "2014.04.05"]
[EventType "swiss"]
[EventRounds "7"]
[EventCountry "SVK"]
[SourceTitle "EXT 2016"]
[Source "ChessBase"]
[SourceDate "2015.10.08"]
[SourceVersion "1"]
[SourceVersionDate "2015.10.08"]
[SourceQuality "1"]

1. e4 e5 2. Nf3 Nc6 3. Bc4 Be7 4. Nc3 h6 5. d3 Nf6 6. Be3 0-0 7. 0-0 d6 8. Nh4 Na5 9. Qf3 Nxc4 10. dxc4 Nxe4 11. Nxe4 Bxh4 12. g3 Be7 13. c5 d5 14. Nd2 e4 15. Qf4 g5 16. Qe5 Bf6 17. Qxf6 Qxf6 18. Nb3 Bh3 19. Rfd1 Qf3 20. Re1 Qg2# 0-1

[Event "SVK-ch U14 Girls"]
[Site "Lubovna"]
[Date "2013.04.12"]
[Round "8"]
[White "Lazorova, Maria"]
[Black "Sromovska, Livia"]
[Result "0-1"]
[WhiteElo "1289"]
[BlackElo "1165"]
[PlyCount "64"]
[EventDate "2013.04.06"]
[EventType "tourn"]
[EventRounds "9"]
[EventCountry "SVK"]
[SourceTitle "CBM 153 Extra"]
[Source "ChessBase"]
[SourceDate "2013.04.22"]
[SourceVersion "1"]
[SourceVersionDate "2013.04.22"]
[SourceQuality "1"]

1. c4 c5 2. d3 Nc6 3. a3 Nf6 4. Nf3 e5 5. e3 d6 6. Nc3 Be6 7. Be2 Be7 8. Bd2 0-0 9. 0-0 h6 10. Rb1 Qd7 11. b4 cxb4 12. axb4 a6 13. d4 Bf5 14. Rb2 exd4 15. Nxd4 Nxd4 16. exd4 d5 17. Nxd5 Nxd5 18. cxd5 Qxd5 19. Be3 Rac8 20. Bd3 Bxd3 21. Qxd3 Rc4 22. Rfb1 b5 23. h3 Bf6 24. Rd2 Rd8 25. Rc2 Rdc8 26. Qb3 Qe4 27. Rxc4 Rxc4 28. Ra1 Bxd4 29. Rxa6 Bxe3 30. fxe3 Rxb4 31. Qc3 Rc4 32. Qb3 Rc2 0-1

[Event "SVK-ch U14 Girls"]
[Site "Lubovna"]
[Date "2013.04.10"]
[Round "6"]
[White "Hervaiova, Sandra"]
[Black "Sromovska, Livia"]
[Result "1/2-1/2"]
[WhiteElo "1215"]
[BlackElo "1165"]
[PlyCount "32"]
[EventDate "2013.04.06"]
[EventType "tourn"]
[EventRounds "9"]
[EventCountry "SVK"]
[SourceTitle "CBM 153 Extra"]
[Source "ChessBase"]
[SourceDate "2013.04.22"]
[SourceVersion "1"]
[SourceVersionDate "2013.04.22"]
[SourceQuality "1"]

1. e4 e6 2. d4 d5 3. e5 Ne7 4. Nf3 g6 5. Bd3 Bg7 6. 0-0 Nbc6 7. c3 Bd7 8. b4 a5 9. b5 Na7 10. a4 0-0 11. Bf4 Rb8 12. Qd2 Nf5 13. Bxf5 exf5 14. Bh6 Re8 15. Bxg7 Kxg7 16. Ng5 f6 1/2-1/2